BIBLIOTECA

SENCICO

Topografía para ingenieros / (Registro nro. 517)

Detalles MARC
000 -LEADER
fixed length control field 01191nam a2200289Ia 4500
003 - CONTROL NUMBER IDENTIFIER
control field PE SENCICO BE
005 - DATE AND TIME OF LATEST TRANSACTION
control field 20251020182440.0
008 - FIXED-LENGTH DATA ELEMENTS--GENERAL INFORMATION
fixed length control field 200515s9999 xx 000 0 und d
020 ## - INTERNATIONAL STANDARD BOOK NUMBER
International Standard Book Number 84-95279-70-3
040 ## - CATALOGING SOURCE
Original cataloging agency PE SENCICO BE
Transcribing agency PE SENCICO BE
041 ## - LANGUAGE CODE
Language code of text/sound track or separate title spa
082 ## - DEWEY DECIMAL CLASSIFICATION NUMBER
Classification number 526.9
Item number F38
100 1# - MAIN ENTRY--PERSONAL NAME
Personal name Fernández García, Silvino
9 (RLIN) 3281
Relator term autor
245 #0 - TITLE STATEMENT
Title Topografía para ingenieros /
Statement of responsibility, etc. Silvino Fernández García
250 ## - EDITION STATEMENT
Edition statement 1a ed.
260 ## - PUBLICATION, DISTRIBUTION, ETC.
Place of publication, distribution, etc. Madrid :
Name of publisher, distributor, etc. Bellisco Ediciones Técnicas y Científicas ;
Date of publication, distribution, etc. 2003
300 ## - PHYSICAL DESCRIPTION
Extent 333 páginas :
Other physical details ilustraciones, tablas, gráficos ;
Dimensions 24 cm.
490 ## - SERIES STATEMENT
Series statement Biblioteca Técnica Universitaria.
-- Geodesia y topografía
Volume/sequential designation 9
505 0# - FORMATTED CONTENTS NOTE
Formatted contents note Elementos y accesorios de los instrumentos -- Medicines de distancias -- Instrumentos topográficos -- Métodos planimétricos -- Métodos altimétricos -- Métodos taquimétricos -- Geodesia y astronomía -- Cartografía -- Fotogrametría y teledetección
650 10 - SUBJECT ADDED ENTRY--TOPICAL TERM
Topical term or geographic name entry element Topografía
9 (RLIN) 4
650 20 - SUBJECT ADDED ENTRY--TOPICAL TERM
Topical term or geographic name entry element Instrumentos topográficos
9 (RLIN) 124
650 20 - SUBJECT ADDED ENTRY--TOPICAL TERM
Topical term or geographic name entry element Geodesia
9 (RLIN) 2
650 20 - SUBJECT ADDED ENTRY--TOPICAL TERM
Topical term or geographic name entry element Cartografía
9 (RLIN) 1
650 20 - SUBJECT ADDED ENTRY--TOPICAL TERM
Topical term or geographic name entry element Fotogrametría
9 (RLIN) 120
700 1# - ADDED ENTRY--PERSONAL NAME
9 (RLIN) 3282
Personal name Gil Docampo, Luz
Dates associated with a name autor
942 ## - ADDED ENTRY ELEMENTS (KOHA)
Koha item type Libros
Source of classification or shelving scheme Dewey Decimal Classification
Existencias
Fecha de la última vez que lo usaron Número de ingreso o de inventario Pago total Signatura topográfica completa Código de barras Precio efectivo desde Tipo de documento Estado perdido Sistema de clasificación Estado dañado No es para préstamo Retirado Ubicación permanente Ubicación actual Fecha de adquisición
15/05/2020 14651   526.9/F38 BibLima25100004 15/05/2020 Libros   Dewey Decimal Classification       Biblioteca Central Lima Biblioteca Central Lima 15/05/2020